00773nam a2200241 i 4500001000700000003000900007005001700016007000300033008004100036017005200077020001800129080002600147110001300173245007700186260005500263300002500318490002500343650003100368655001800399700005000417830002500467852003900492112951ES-MaACL20250828063251.0t|061121e1981 sp |rl 00110 spa  aM 34552-1981 bOficina Depósito Legal Madrid  a84-7130-337-X a351.83(46)"19"(094.5)1 aEspaña00aNuevas normas laborales :bselección y notas de Efrén Borrajo Dacruz aMadrid : bEditoriales de Derecho Reunidas, c1981 aXX, 615 p. ; c19 cm1 aSerie Textos legales 4aDerecho laboral-zEspaña 4aLegislación1 aBorrajo Dacruz, Efrén,d1928-2022epbleann 0aSerie Textos legales4 aES-MaACLbR.102292cDEPO2jL-1693